[Event "Manizales op 28th"]
[Site "Manizales"]
[Date "2023.01.08"]
[Round "7"]
[White "Arroyo Bravo, Jaime Humberto"]
[Black "Ocampo Arredondo, Luis Fernando"]
[Result "1-0"]
[WhiteElo "1532"]
[BlackElo "1203"]
[PlyCount "71"]
[EventDate "2023.01.05"]
[EventType "swiss"]
[EventRounds "8"]
[EventCountry "COL"]
[SourceTitle "CBM 212 Extra"]
[Source "ChessBase"]
[SourceDate "2023.03.31"]
[SourceVersion "1"]
[SourceVersionDate "2023.03.31"]
[SourceQuality "1"]

1. d4 d6 2. Nf3 g6 3. e4 Bg7 4. Bd3 Nf6 5. Nbd2 0-0 6. 0-0 Bg4 7. Re1 Nc6 8. c3 e5 9. d5 Ne7 10. Qb3 Rb8 11. c4 Nd7 12. Be2 f5 13. Ng5 Bxe2 14. Rxe2 Nc5 15. Qh3 h6 16. Ndf3 Rf6 17. b4 Nd3 18. Ne6 Qe8 19. Nxg7 Qf7 20. Bxh6 Nf4 21. Bxf4 Qxg7 22. Bg5 Rf7 23. Nh4 f4 24. Qe6 Kf8 25. Bxe7+ Rxe7 26. Nxg6+ Ke8 27. Nxe7 Qxe7 28. Qg4 Qf6 29. Rb1 Ke7 30. Rb3 Rf8 31. Rh3 Rf7 32. Qc8 Qg6 33. Qxc7+ Ke8 34. Rh8+ Rf8 35. Qc8+ Ke7 36. Qxf8+ 1-0